Superman - Portrayals by Picture - Statistics

General Stats
  • This quiz has been taken 27 times
    23 since last reset
  • The average score is 7 of 52
Answer Stats
Picture Answer % Correct
Henry Cavill
93%
Christopher Reeve
80%
Brandon Routh
60%
Dean Cain
60%
George Reeves
60%
Tom Welling
47%
John Krasinski
27%
Kirk Alyn
27%
Tyler Hoechlin
27%
Travis Willingham / Channing Tatum / Nolan North
20%
George Newbern
13%
George Newbern
13%
George Newbern
13%
George Newbern
13%
George Newbern
13%
Nicholas Cage
13%
Tim Daly / George Newbern
13%
Bud Collyer
7%
Gerard Christopher
7%
Jason Isaacs
7%
Jerry O'Connell
7%
Jerry O'Connell
7%
John Haymes Newton
7%
Matt Bomer
7%
Nolan North
7%
Tim Daly
7%
Tim Daly
7%
Yuri Lowenthal
7%
Adam Baldwin
0%
Alan Tudyk
0%
Beau Weaver
0%
Benjamin Bratt
0%
Bob Holiday
0%
Breckin Meyer
0%
Brian Holden
0%
Christopher Corey Smith
0%
Christopher McDonald
0%
Crispin Freeman
0%
Danny Dark
0%
Darren Criss
0%
James Denton
0%
James Wolk
0%
Jason J. Lewis
0%
Kenichi Suzumura
0%
Kyle MacLachlan
0%
Mark Harmon
0%
Mark Valley
0%
Max Mittelman
0%
Michael Daingerfield
0%
Peter Jessop
0%
Sam Daly
0%
Tim Daly
0%
No matching quizzes found
Score Distribution
Percent of People with Each Score
Percentile by Number Answered
Your Score History
You have not taken this quiz since the last reset